Bad Dad Jokes! II Quiz Stats

 Plays Quiz Updated Jul 20, 2016

Also try: Bad Dad Jokes!
Challenge
Share
Tweet
Embed
Score 0/18 Timer 05:00
6 Plays Today
% Correct
Aye matey.
97.8%
It was a Fanta sea.
97.7%
Look for the fresh prints.
97.5%
But I really only made him more sluggish.
96.8%
Best dam show ever.
96.1%
I can't put it down.
95.8%
1 or 2? 1... or 2?
95.7%
She looked surprised.
95.7%
The teachers tend to Babylon.
95.6%
% Correct
Free of charge.
95.6%
I thought it was a nice jester.
95.5%
I woke up exhausted.
95.1%
I told him that's the last thing I'd ever need.
94.7%
I don't know how I feel about that.
94.2%
But John came in fifth and only got a toaster.
93.7%
Mist.
93.5%
Even the cake is in tiers.
93.1%
They haven't even gotten a gig yet.
90.1%

You're not logged in!

Compare scores with friends on all Sporcle quizzes.
OR
Log In

You Might Also Like...

Show Comments

Extras

Top Quizzes Today


Score Distribution

Your Account Isn't Verified!

In order to create a playlist on Sporcle, you need to verify the email address you used during registration. Go to your Sporcle Settings to finish the process.

Report this User

Report this user for behavior that violates our Community Guidelines.

Details: